Jemná štruktúra spektier 5-min.P-módov

Bibliographic Details
Main Author: Bartolomejová, M. (Author)
Format: Article
Language:Slovak
PhysicalDescription:Obr. 3., lit. 6 zázn. v angl.
Subjects:

MARC

LEADER 00000nab a2200000 a 4500
001 vtls000412231
003 SK-MaSNL
005 20260302234321.0
008 160204c1988 xo 0 slo
015 |a SNBRA19rr/mm-uuuuu 
035 |a CL0412356 
040 |a SNKBUCL  |b slo  |c SNKBUCL  |e AACR2 
041 0 |a slo 
044 |a xo  |c SK 
080 |a 529.3-355  |2 1981 
100 1 |a Bartolomejová, M.  |4 aut  |9 969373 
245 1 0 |a Jemná štruktúra spektier 5-min.P-módov  |c M. Bartolomejová 
300 |b Obr. 3., lit. 6 zázn. v angl. 
650 0 7 |a atmosféra Slnka  |2 snkbucl  |9 969354 
651 7 |a Slnko (hviezda)  |2 snkbucl  |9 56746 
655 7 |a články zo zborníkov  |2 snkbucl  |9 166140 
773 0 |t Zborník referátov z 9. celoštátneho slnečného seminára  |d Hurbanovo : Slov. ústredie astronómie, 1988  |g S. 29-32 
850 |a Slovenská národná knižnica v Martine  |a MTA001 
852 |a SNK  |b KIS3GCP 
958 |a NB 
958 |a RK 
992 |a RZB 
999 |c 1550113  |d 1552043